| 000 | 00940nam a22002177a 4500 | ||
|---|---|---|---|
| 999 |
_c13900 _d13900 |
||
| 003 | AR-CdUCM | ||
| 008 | 190416b ||||| |||| 00| 0 spa d | ||
| 040 |
_aMUNICIPALIDAD PROVINCIAL DEL CUSCO _cBIBLIOTECA MUNICIPAL DEL CUSCO |
||
| 082 |
_a704 / _bL37 |
||
| 100 |
_aLauer, Mirko _91114 |
||
| 245 |
_aCrítica de la artesanía : _bPlástica y sociedad en los Andes peruanos / |
||
| 260 |
_aLima : _bCentro de Estudios y Promoción del Desarrollo, _c1982. |
||
| 300 |
_a175 paginas ; _c20 cm. |
||
| 505 | _aContenido :Critica e ideología --Critica de la estética Marxista --Como filosofía especulativa --Para una teoría social de la plástica --La producción plástica en los andes peruanos ... | ||
| 650 |
_aArtesanía _95482 |
||
| 650 |
_aAndes _9319 |
||
| 650 |
_aEnsayos, conferencias _91255 |
||
| 700 |
_aDESCO, Centro de Estudios y Promoción del Desarrollo (Lima) _932507 |
||
| 942 |
_2ddc _cLIBROS |
||
| 945 |
_arjall _d2019-04-16 |
||